000 01216cam a2200289 a 4500
001 4962188
003 OSt
005 20140730173715.0
008 970619s1998 nyuaf b 001 0 eng
010 _a 97018152
020 _a0471158453 (alk. paper)
040 _aDLC
_cDLC
_dDLC
050 0 0 _aQH323.5
_b.S74 1998
082 0 0 _a570.1 STE 1998
_221
100 1 _aStewart, Ian,
_d1945-
_9803
245 1 0 _aLife's other secret :
_bthe new mathematics of the living world /
_cIan Stewart.
260 _aNew York :
_bJohn Wiley,
_cc1998.
300 _axiii, 285 p., [8] p. of plates :
_bill. ;
_c25 cm.
504 _aIncludes bibliographical references (p. 265-270) and index.
650 0 _aBiomathematics.
_9804
856 4 _3Table of Contents
_uhttp://www.loc.gov/catdir/toc/onix05/97018152.html
856 4 2 _3Contributor biographical information
_uhttp://www.loc.gov/catdir/enhancements/fy0706/97018152-b.html
856 4 2 _3Publisher description
_uhttp://www.loc.gov/catdir/enhancements/fy0706/97018152-d.html
906 _a7
_bcbc
_corignew
_d1
_eocip
_f19
_gy-gencatlg
942 _2z
_cB_BANK
999 _c304
_d304